000 00480nam a2200181Ia 4500
008 240925s9999 xx 000 0 und d
020 _aNA
082 _a491.4397 UDB
100 _aUrdu Dic Board
245 2 _aA Dictionary of urdu on Historical principles
250 _aNA
260 _aKarachi:
_bKarachi Fair Book cent
_c,2004.
300 _axvi,281p.
_bNA
_fPhotocopy
500 _aNA
600 _aHumanities & Natural Science
650 _aOther languages
942 _cBK
999 _c8119
_d8119